LEADER 03995nam 22006611c 450 001 9910459222503321 005 20200115203623.0 010 $a1-4725-4981-3 010 $a1-282-86861-6 010 $a9786612868610 010 $a0-567-53414-6 024 7 $a10.5040/9781472549815 035 $a(CKB)2670000000056033 035 $a(EBL)601893 035 $a(OCoLC)676700949 035 $a(SSID)ssj0000421171 035 $a(PQKBManifestationID)12154540 035 $a(PQKBTitleCode)TC0000421171 035 $a(PQKBWorkID)10411983 035 $a(PQKB)11030303 035 $a(MiAaPQ)EBC601893 035 $a(Au-PeEL)EBL601893 035 $a(CaPaEBR)ebr10427395 035 $a(CaONFJC)MIL286861 035 $a(OCoLC)893335279 035 $a(UtOrBLW)bpp09255665 035 $a(EXLCZ)992670000000056033 100 $a20140929d2009 uy 0 101 0 $aeng 135 $aur|n|---||||| 181 $ctxt 182 $cc 183 $acr 200 10$aIsaak A. Dorner $ethe triune god and the gospel of salvation $fJonathan Norgate 210 1$aLondon $aNew York $cT&T Clark $d2009. 215 $a1 online resource (243 p.) 225 1 $aT & T Clark studies in systematic theology 300 $a"A Continuum imprint" 311 $a0-567-58599-9 311 $a0-567-26647-8 320 $aIncludes bibliographical references (pages 224-231) and index 327 $aChapter 1 The Doctrine of God -- Chapter 2 The Doctrine of the Economic Trinity and the Creation of the World -- Chapter 3 The Doctrines of the Creature and the Unity of God and Humanity -- Chapter 4 The Doctrine of Sin -- Chapter 5 The Doctrine of Christ -- Chapter 6 The Doctrines of the Atonement and Justification by Faith 330 8 $aNorgate assesses the way in which the Christian doctrine of the Trinity is the foundation for all other Christian doctrines, especially the Christian understanding of salvation. He investigates in detail the approach of the German Lutheran theologian, Isaac A. Dorner (1809-1884) to this question. Analysis of his arguments concerning the priority of the doctrine of God for Christian belief and dogmatics is given. It examines the form of his doctrine of God's triunity, and gives an extensive study of how Dorner's particular account of God's triune identity informs the Christian conception of God's relation to the world, first, as Creator and, second, as Saviour. In this process, it seeks to refocus attention on Dorner as a major figure in the development of modern theology. The relationship between Dorner's doctrines of the triune God and salvation is assesed. Dorner's positive reconstruction of the Christian idea of God as Trinity provides helpful resources in delineating a non-competitive account of God's relation to the world. This means that God is not confused with nor distant from the world. The eternal vitality of God's immanent personality is the basis of His vital economic activity, which culminates in the incarnation of the Son. We follow the main tributories of Dorner's arguments in System of Christian Faith, beginning with an analysis of his doctrine of God, via his development of the doctrines of creation, humanity, and the incarnation of the God-man. An assessment is given of those doctrines which pertain to the way in which God brings salvation through Jesus Christ: sin, Jesus, and atonement. Norgate concludes by comparing Dorner's achievements with those found in more recent theologies of atonement 410 0$aT & T Clark studies in systematic theology. 606 $aTrinity 606 $2Christian theology 606 $aGod (Christianity)$xHistory of doctrines 615 0$aTrinity. 615 0$aGod (Christianity)$xHistory of doctrines. 676 $a231.044092 700 $aNorgate$b Jonathan$0919641 801 0$bUtOrBLW 801 1$bUtOrBLW 801 2$bUkLoBP 906 $aBOOK 912 $a9910459222503321 996 $aIsaak A. Dorner$92062792 997 $aUNINA LEADER 03253 am 2200517 n 450 001 9910495794703321 005 20240104030509.0 010 $a2-7535-6953-3 024 7 $a10.4000/books.pur.135798 035 $a(CKB)4100000008710915 035 $a(FrMaCLE)OB-pur-135798 035 $a(PPN)267962045 035 $a(EXLCZ)994100000008710915 100 $a20190712j|||||||| ||| 0 101 0 $afre 135 $auu||||||m|||| 200 03$aLa famille normande$eMobilité et frustrations sociales au siècle des Lumières$fJérôme Luther Viret 210 $aRennes$cPresses universitaires de Rennes$d2019 215 $a1 online resource (432 p.) 311 $a2-7535-2812-8 330 $aLa Normandie était autrefois le pays de la préférence masculine, d?une autre façon sans doute que la Provence, où l?on tenait l?absence d?héritier mâle pour une grande infortune, mais avec la même netteté et la même persévérance. Au prix de menus ajustements, les piliers de la domination masculine restèrent bien en place pendant tout l?Ancien Régime. Les droits du sang valaient cependant à tous les garçons d?avoir une part égale dans le patrimoine familial, sans distinction de rang de naissance. L?égalité trouvait donc à s?incarner. Cela finit par jouer en faveur des filles, lorsque vint l?heure du rejet des traditions et qu?une puissante aspiration égalitaire traversa tout le royaume, en 1791. Même à ce moment toutefois, les normands se rallièrent à l?égalité successorale, par légalisme plutôt que dans un élan véritablement « féministe ». Le principe de l?établissement des enfants hors de la maison des parents, s?accompagnait d?intenses mouvements migratoires. De ces processus, la localité ici scrutée, Argences, dans la plaine de Caen, témoigne plus que d?autres localités, en raison de son « attractivité », pour partie économique, pour partie fiscale. La population fit en effet plus que doubler en moins d?un siècle. Le résultat ne fut toutefois pas à la hauteur des espérances. Les difficultés d?accès aux ressources, la concurrence et l?égalitarisme accentuèrent les contrastes. L?écart se creusa entre les plus riches et les plus pauvres. Argences agit alors comme un miroir grossissant, qui dévoile les ressorts autrement peu visibles d?un siècle considéré de manière souvent trop uniforme. Le XVIIIe siècle a été pour certains un siècle de progrès, mais aussi pour le plus grand nombre, un siècle de déceptions et d?amertume. 606 $aHistory 606 $aNormandie 606 $amobilité sociale 606 $arévolution 606 $afamille 606 $aseigneur 606 $aargence 606 $agenre 606 $aXVIIIe siècle 615 4$aHistory 615 4$aNormandie 615 4$amobilité sociale 615 4$arévolution 615 4$afamille 615 4$aseigneur 615 4$aargence 615 4$agenre 615 4$aXVIIIe siècle 700 $aViret$b Jérôme Luther$01457844 701 $aBéaur$b Gérard$0381604 801 0$bFR-FrMaCLE 906 $aBOOK 912 $a9910495794703321 996 $aLa famille normande$93658069 997 $aUNINA